01070nam a2200217Ia 4500003000900000008004100009020001800050040001600068080002200084111019900106245030200305260005300607300002300660650004100683650001700724650001400741650002300755650002700778700002500805700002200830IN-BaIIA211028s9999 xx 000 0 eng d a0-89766-708-5 cIIA Library a524.834(063)bREL aTexas/ European Southern Observatory/-Symposium Artificial Intelligence for Science, Industry Symposium on Relativistic Astrophysics, Cosmology and Fundamental PhysicscBrightond1991 Dec. 16-21 0aRelativistic Astrophysics, cosmology and fundamental Physicsbproceedings of Texas/ ESO/-Symposium Artificial Intelligence for Science, Industry Symposium on Relativistic Astrophysics, cosmology and fundamental Physics, held in Brighton, UK, 16-21 Dec 1991cedited by John D Barrow and Leon Mestel aNew YorkbThe New York Academy of Sciencesc1991 a[various pagings.] aAstronomy and Astrophysics thesaurus aAstrophysics aCosmology aGeneral Relativity aRelativistic cosmology aBarrow, John D., ed. aMestel, Leon.,ed.